Geography - Largest Cities in Egypt - Statistics

General Stats
  • This quiz has been taken 891 times
  • The average score is 7 of 20
Answer Stats
Answer % Correct
Cairo
100%
Alexandria
98%
Luxor
78%
Gizeh
70%
Aswan
61%
Port Said
54%
Suez
52%
Hurghada
30%
Tanta
24%
Ismailia
23%
Asyut
22%
Mansoura
20%
Damietta
19%
Faiyum
19%
Minya
16%
Beni Suef
12%
Damanhour
10%
El-Mahalla El-Kubra
10%
Zagazig
10%
Shubra El-Kheima
9%
No matching quizzes found
Score Distribution
Percent of People with Each Score
Percentile by Number Answered
Your Score History
You have not taken this quiz